Klicke die Länder Asiens auf einer Karte - Statistiken

Allgemein
  • Dieses Quiz wurde 1.414 mal gespielt
  • Das Durchschnittsergebnis liegt bei 35 aus 48
Antworten auf der Karte
Die Antworten werden auf der Karte rot bzw. grün angezeigt, abhängig davon wie oft sie richtig erraten wurden.
 
Antwortstatistiken
Antwort % Korrekt
China
85%
Indien
84%
Japan
83%
Mongolei
83%
Saudi-Arabien
83%
Türkei
83%
Indonesien
82%
Nordkorea
82%
Südkorea
82%
Zypern
81%
Israel
79%
Kasachstan
79%
Sri Lanka
79%
Malediven
78%
Nepal
77%
Philippinen
77%
Iran
76%
Oman
76%
Singapur
76%
Taiwan
76%
Vietnam
76%
Katar
75%
Pakistan
75%
Thailand
75%
Georgien
74%
Jemen
74%
Afghanistan
73%
Bangladesch
73%
Myanmar
73%
Vereinigte Arabische Emirate
73%
Bhutan
72%
Libanon
72%
Irak
71%
Syrien
71%
Kambodscha
70%
Laos
69%
Aserbaidschan
68%
Malaysia
68%
Usbekistan
67%
Kirgisistan
65%
Kuwait
65%
Armenien
64%
Bahrain
64%
Jordanien
64%
Turkmenistan
63%
Osttimor
59%
Tadschikistan
59%
Brunei
55%
Keine übereinstimmenden Quizze gefunden
Verteilung der Resultate
Anzahl Personen mit jedem Resultat
Perzentil nach korrekt beantworteten Fragen
Ihre Resultats-Entwicklung
Sie haben dieses Quiz noch nicht gespielt